000 00829cam a2200265 a 4500
001 3735
003 BD-RjUL
005 20211208233757.0
008 131219s1959 ne 0 eng d
035 _a(BD-RjUL)3769
040 _aVCAV
_cVCAV
_beng
_dBD-RjUL
041 _aeng
082 0 0 _a332.678
_bCHL 1959
100 1 _aChakravarty, Sukhamoy.
_911859
245 1 4 _aThe logic of investment planning /
_cSukhamoy Chakravarty.
260 _aAmsterdam :
_bNorth-Holland Pub. Co.,
_c1959.
300 _a170 p. :
_btables. ;
_c22 cm.
504 _aBibliography: p.[169]-170.
650 0 _aStatics and dynamics (Social sciences).
_95975
650 0 _aEconomics
_xMathematical models.
_911860
942 _2ddc
_cBK
999 _c3735
_d3735